000 00431nam a2200193Ia 4500
005 20250603144655.0
008 250603s9999 xx 000 0 und d
020 _a9780781788724
050 _aQM 557 .G38/
100 _aGartner, Leslie P.
245 0 _aColor atlas of histology
250 _a5th ed.
260 _aBoston
260 _bPearson
260 _cc2012
300 _a459 p
650 _aBoston
942 _cBK
999 _c39613
_d39613